Estudios sobre el acto administrativo (Registro nro. 312109)
[ vista simple ]
| 000 -ENCABEZADO | |
|---|---|
| Número de control [NR] | 00585 a2200169 4500 |
| 005 - FECHA Y HORA DE LA ÚLTIMA TRANSACCIÓN | |
| control field | 20190815125603.0 |
| 008 - DE LONGITUD FIJA DE DATOS DE ELEMENTOS - INFORMACIÓN GENERAL | |
| Elementos de longitud fija [NR] | 190530b1982 sp ||||| |||| 00| 0 spa d |
| 020 ## - NUMERO INTERNACIONAL NORMALIZADO PARA LIBROS [R] | |
| Número Internacional Normalizado del libro [NR] | 8473982010 |
| 040 ## - FUENTE DE CATALOGACION [NR] | |
| Agencia de catalogación original [NR] | CO-BoUCM |
| Idioma de catalogación [NR] | spa |
| Quien Cataloga | Juan Jose Mateus |
| Quien Clasifica | Juan Jose Mateus |
| 041 0# - CODIGO DE IDIOMA [R] | |
| Código de idioma para texto/pista de sonido o título separado [R] | Español |
| 100 10 - ASIENTO PRINCIPAL--NOMBRE PERSONAL [NR] | |
| Nombre personal [NR] | Boquera Oliver, José María |
| ID Autoridad | 96717 |
| 245 10 - MENCION DE TITULO [NR] | |
| Título [NR] | Estudios sobre el acto administrativo |
| Mención de responsabilidad, etc. [NR] | José María Boquera Oliver |
| 260 ## - PUBLICACION, DISTRIBUCION, ETC. (PIE DE IMPRENTA) [R] | |
| Nombre del editor, distribuidor, etc. [R] | Editorial Civitas |
| Fecha de publicación, distribución, etc. [R] | 1982 |
| Lugar de publicación, distribución, etc. [R] | Madrid |
| 650 #7 - ASIENTO SECUNDARIO DE MATERIA - TERMINO TEMATICO [R] | |
| 9 (RLIN) | 8462 |
| Término temático o nombre geográfico como elemento de entrada [NR] | Actos administrativos |
| 942 ## - ELEMENTOS DE ENTRADA AGREGADOS (KOHA) | |
| Tipo de ítem principal el descrito en 300a | Libro |
| Sistema de clasificación | DEWEY |
| Tema principal | Derecho |
| Edición | 1 |
| Clasificación | 342.46066 |
| Parte restante de la signatura top. | B725e |
| Signatura topográfica | Código de barras | Última vez visto | Ejemplar | Costo de reposición | Price effective from | Tipo de ítem | Perdido | Sistema de clasificación | Dañado | No prestable | Tipo de ítem específico | Suprimido | Ubicación habitual | Ubicación actual | Localización | Fecha de creación | Proveedor | Forma de adquisición | Costo |
|---|---|---|---|---|---|---|---|---|---|---|---|---|---|---|---|---|---|---|---|
| 342.46066 B725e | 100160078 | 06/12/2024 | Ej.2 | 26000.00 | 30/04/2019 | Libro | DEWEY | Libro | BodegaJK | Claustro | Préstamo 2 días después de solicitado | 30/04/2019 | 12 | Donación | 0.00 | ||||
| 342.46066 B725e | 100162982 | 06/12/2024 | Ej.1 | 26000.00 | 08/08/2019 | Libro | DEWEY | Libro | BodegaJK | Claustro | Préstamo 2 días después de solicitado | 08/08/2019 | 12 | Donación | 0.00 |